| Tag |
First Indicator |
Second Indicator |
Subfields |
| LEADER |
00000cam a2200000 4500 |
| 001 |
in00000064256 |
| 005 |
20151008051753.0 |
| 008 |
760128s1951 nyu 00000 eng |
| 010 |
|
|
|a 51006827
|
| 035 |
|
|
|a (OCoLC)01949461
|
| 035 |
|
|
|9 AAG9884AM
|
| 040 |
|
|
|a DLC
|c VYL
|d TXA
|d UtOrBLW
|
| 049 |
|
|
|a TXAM
|c [201785]
|
| 050 |
0 |
0 |
|a GV341
|b .B84
|
| 092 |
|
|
|a 371.732
|b B884p
|
| 100 |
1 |
|
|a Brownell, Clifford Lee,
|d 1895-
|
| 245 |
1 |
0 |
|a Physical education :
|b foundations and principles /
|c [by] Clifford Lee Brownell [and] E. Patricia Hagman.
|
| 250 |
|
|
|a 1st ed.
|
| 264 |
|
1 |
|a New York :
|b McGraw-Hill,
|c 1951.
|
| 300 |
|
|
|a 397 pages ;
|c 24 cm.
|
| 336 |
|
|
|a text
|b txt
|2 rdacontent
|
| 337 |
|
|
|a unmediated
|b n
|2 rdamedia
|
| 338 |
|
|
|a volume
|b nc
|2 rdacarrier
|
| 490 |
1 |
|
|a McGraw-Hill series in health education, physical education and recreation
|
| 650 |
|
0 |
|a Physical education and training.
|
| 830 |
|
0 |
|a McGraw-Hill series in health education, physical education, and recreation.
|
| 999 |
|
|
|a MARS
|
| 999 |
f |
f |
|s d3c3434b-33e9-3ec8-b5bc-1e327e8f4591
|i c05c504f-14b7-3799-a230-563247807627
|t 0
|
| 952 |
f |
f |
|p ric
|a Texas A&M University
|b Rellis Campus
|c Joint Library Facility
|d Remote Storage
|t 0
|e GV341 .B84
|h Library of Congress classification
|i unmediated -- volume
|m A14800844833
|
| 998 |
f |
f |
|a GV341 .B84
|t 0
|l Remote Storage
|